[Event "27th CRO-chT 1B-Men 2018"]
[Site "Biograd"]
[Date "2018.09.18"]
[Round "4.28"]
[White "Vlaic, Branko"]
[Black "Muha, Miljenko"]
[Result "1/2-1/2"]
[WhiteElo "2246"]
[BlackElo "2364"]
[Annotator "NA RC"]
[PlyCount "76"]
[EventDate "2018.09.15"]
[EventType "team-tourn"]
[EventCountry "CRO"]
[SourceTitle "playchess.com"]
[Source "ChessBase"]
[SourceQuality "1"]
[TimeControl "40/5400+30:1800+30"]

1. Nf3 {[%emt 0:00:30]} d5 {[%emt 0:00:30]} 2. d4 {[%emt 0:00:00]} Nf6 {[%emt 0:00:00]} 3. Bf4 {[%emt 0:00:00]} c5 {[%emt 0:00:00]} 4. e3 {[%emt 0:00:30]} Nc6 {[%emt 0:00:30]} 5. Nbd2 {[%emt 0:00:30]} cxd4 {[%emt 0:09:30]} 6. exd4 {[%emt 0:00:00]} Bg4 {[%emt 0:00:30]} 7. c3 {[%emt 0:00:00]} e6 {[%emt 0:08:30]} 8. Qb3 {[%emt 0:07:30]} Bd6 {[%emt 0:00:30] LiveBook: 5 Games} 9. Bxd6 {[%emt 0:06:30]} Qxd6 {[%emt 0:00:00]} 10. Bd3 {[%emt 0:02:30]} O-O {[%emt 0:01:00]} 11. O-O {[%emt 0:00:00]} Nh5 $146 {[%emt 0:23:30] B13: Caro-Kann: Exchange Variation and Panov-Botvinnik Attack} ({Predecessor:} 11... Bxf3 12. Nxf3 Rab8 {½-½ (12) Mikhailov,V (2268)-Konyshev,A (2370) Kemerovo 2010}) 12. Qc2 {[%emt 0:05:00]} h6 {[%emt 0:00:30]} 13. h3 {[%emt 0:04:30]} Bxf3 {[%emt 0:00:30]} 14. Nxf3 {[%emt 0:00:30]} Nf4 {[%emt 0:00:30]} 15. Qd2 {[%emt 0:00:00]} Nxd3 {[%emt 0:00:30]} 16. Qxd3 {[%emt 0:00:00]} Rab8 {[%emt 0:00:30]} 17. Rae1 {[%emt 0:00:30]} b5 {[%emt 0:04:30]} 18. a3 {[%emt 0:00:30]} a5 {[%emt 0:01:30]} 19. Ne5 {[%emt 0:00:00]} Nxe5 {[%emt 0:00:30]} 20. dxe5 {[%emt 0:00:00]} Qb6 {[%emt 0:01:30]} 21. Re3 {[%emt 0:01:30]} Rfc8 {[%emt 0:02:30]} 22. Kh2 {[%emt 0:03:30]} b4 {[%emt 0:01:30]} 23. axb4 {[%emt 0:03:30]} axb4 {[%emt 0:00:30]} 24. f4 {[%emt 0:00:00]} bxc3 {[%emt 0:02:30]} 25. bxc3 {[%emt 0:00:00]} Qb5 {[%emt 0:00:30]} 26. Qd1 {[%emt 0:00:30]} Qb3 {[%emt 0:02:30]} 27. Qf3 {[%emt 0:00:30]} Rc7 {[%emt 0:15:30]} 28. f5 {[%emt 0:03:30]} exf5 {[%emt 0:04:21]} 29. Qxf5 {[%emt 0:00:00]} d4 {[%emt 0:02:53]} 30. Ree1 {[%emt 0:09:00]} Qxc3 {[%emt 0:03:56]} 31. e6 {[%emt 0:00:30]} fxe6 {[%emt 0:00:36]} 32. Rxe6 {[%emt 0:00:30]} Rd8 {[%emt 0:06:24]} 33. Rxh6 {[%emt 0:04:30]} gxh6 {[%emt 0:02:27]} 34. Qe6+ {[%emt 0:00:30]} Kg7 {[%emt 0:01:31]} 35. Qf6+ {[%emt 0:02:30]} Kh7 {[%emt 0:00:00]} 36. Qf5+ {[%emt 0:00:30]} Kg7 {[%emt 0:01:23]} 37. Qf6+ {[%emt 0:00:30]} Kh7 {[%emt 0:00:08]} 38. Qf5+ {[%emt 0:00:30]} Kg8 $11 {[%emt 0:00:35]} 1/2-1/2

[Event "27th CRO-chT 1B-Men 2018"]
[Site "Biograd"]
[Date "2018.09.20"]
[Round "4.29"]
[White "Ivic, Mateo"]
[Black "Malenica, Mario"]
[Result "0-1"]
[WhiteElo "2223"]
[BlackElo "2212"]
[Annotator "TA"]
[PlyCount "80"]
[EventDate "2018.09.15"]
[EventType "team-tourn"]
[EventCountry "CRO"]
[SourceTitle "playchess.com"]
[Source "ChessBase"]
[SourceQuality "1"]

{[%evp 9,80,-18,51,54,53,52,49,56,135,145,132,138,150,130,180,152,167,191,185,77,81,106,169,14,21,0,7,0,0,0,0,0,0,0,8,0,0,-17,0,0,0,-45,-74,-78,52,60,72,6,139,110,65,8,8,4,6,0,0,0,8,11,15,-204,-191,-303,-312,-298,-225,-426,-428,-424,-418,-407,-405]} 1. e4 c5 2. Nf3 g6 3. d4 cxd4 4. c3 Bg7 5. Bc4 Nc6 (5... dxc3 $11 6. Nxc3 Nc6) (5... d3 6. O-O Nc6 7. a4 Nf6 8. e5 Ng4 9. Bxf7+ Kxf7 10. Ng5+ Kg8 11. Qxg4 Nxe5 12. Qg3 h6 13. f4 hxg5 14. fxe5 {1-0 (39) Dragnev,V (2438)-Vorobiov,E (2581) Bad Wiessee 2016}) 6. cxd4 $14 {B27: Sicilian: 2 Nf3, unusual Black 2nd moves} e6 7. Nc3 Nge7 8. d5 {White is slightly better.} Ne5 (8... Na5 $14 9. Be2 O-O) 9. Nxe5 $16 Bxe5 10. O-O Qc7 11. Bb3 $146 ({Predecessor:} 11. Qa4 Bxh2+ 12. Kh1 Be5 13. f4 Bxc3 14. bxc3 {0-1 (38) Berenhardt,M (1148)-Masalsky,B (1425) Lieme 2010}) 11... a6 12. Bg5 h6 13. Bxe7 $1 Kxe7 {[#]} 14. g3 (14. f4 $1 $18 {[%mdl 512] is more deadly.} Bxc3 (14... Bxf4 15. Qf3) 15. bxc3) 14... b5 15. Rc1 Qb6 (15... Qa7 $16) 16. Kg2 $2 (16. dxe6 $1 $18 fxe6 17. Nd5+ $1 {[%mdl 512]} (17. Qd5 $2 Bxc3 18. Qxa8 Bb7 $19) 17... exd5 18. Qxd5 Bxb2 19. Rc2 (19. Qxa8 $2 Bb7 $19)) 16... Bb7 $1 $11 17. Qd3 Rac8 18. Rfd1 ({Reject} 18. dxe6 dxe6 19. f3 Rhd8 $17) 18... Rhd8 19. f4 Bg7 20. Kh3 Kf8 21. Rc2 a5 22. a3 Ba6 (22... a4 $5 23. Ba2 $8 e5 $11) 23. Qd2 b4 (23... a4 $5 24. Ba2 $8 Bb7 $11) 24. Na4 Qb5 25. Rxc8 (25. axb4 {is interesting.} axb4 26. Rxc8 Rxc8 27. Qf2 Qe2 28. Qxe2 Bxe2 29. Rd2) 25... Rxc8 26. axb4 Qxb4 ({Black should try} 26... Bf6 $17) 27. Qxb4+ $14 axb4 28. e5 (28. Nb6 $1 $16 {[%cal Rb6c8]} Rd8 29. e5) 28... Ke7 {[#]} (28... Be2 $11 {remains equal.} 29. Rd2 Bb5) 29. Nb6 $1 $16 Rb8 {[#]} 30. dxe6 ({Better is} 30. Nxd7 $1 $14 {[%mdl 512]} Kxd7 31. dxe6+ Ke7 32. Rd7+ (32. exf7 Rd8 $15) 32... Ke8 33. Rxf7 Bf1+ 34. Kh4) 30... dxe6 $11 31. Rd7+ Kf8 $132 {[%mdl 2048] Black is not keeping still} 32. Rd6 {Nd7+ is the strong threat.} Bf1+ 33. Kh4 {Threatens to win with Nd7+.} Kg8 {White must now prevent ...Bf8.} 34. Nd7 Rd8 {Hoping for ...Bb5.} 35. g4 $2 (35. Ba4 $1 $11 {and White is okay.}) 35... Bb5 $19 36. Nc5 (36. Nb6 $142 Rxd6 37. exd6) 36... Rxd6 37. exd6 {intending d7.} Kf8 ({Don't take} 37... Bxb2 38. d7 $19) 38. f5 $2 (38. Ba4 Bxa4 39. Nxa4) 38... Bd4 {( -> ...Bf2+)} 39. Ne4 gxf5 40. gxf5 exf5 {Precision: White = 36%, Black = 43%.} 0-1

[Event "27th CRO-chT 1B-Men 2018"]
[Site "Biograd"]
[Date "2018.09.20"]
[Round "4.30"]
[White "Grgurevic, Boris"]
[Black "Susak, Zeljko"]
[Result "1-0"]
[WhiteElo "2145"]
[BlackElo "2200"]
[Annotator "TA"]
[PlyCount "168"]
[EventDate "2018.09.15"]
[EventType "team-tourn"]
[EventCountry "CRO"]
[SourceTitle "playchess.com"]
[Source "ChessBase"]
[SourceQuality "1"]

{[%evp 20,168,14,21,56,32,33,27,27,38,39,32,37,46,37,12,27,25,18,0,0,0,0,0,0,-12,-7,-13,-13,-31,-9,-10,-10,-14,-16,-22,-19,-29,-29,-54,-22,-41,-35,-39,0,-31,-30,-20,0,-8,-8,-16,-15,-10,0,0,0,0,0,0,0,0,0,0,0,0,8,0,0,0,8,0,10,8,9,8,6,8,10,0,0,0,8,8,34,38,74,75,81,80,71,53,62,47,54,34,62,62,58,40,80,80,102,85,80,0,0,0,78,78,79,0,116,118,148,145,137,117,175,167,427,400,594,508,838,650,4604,4562,1452,2184,3119,1529,5057,2906,5057,4943,4618,4004,1218,208,539,0,0,0,0,0,0,0,0,0,0]} 1. e4 c5 2. Nf3 Nc6 3. c3 d5 4. exd5 Qxd5 5. d4 e6 6. Be2 Nf6 7. Na3 cxd4 8. Nb5 Qd8 9. Nbxd4 Nxd4 10. Qxd4 Qxd4 11. Nxd4 a6 {B22: Sicilian: 2 c3} (11... Bd7 12. O-O O-O-O 13. Bf4 Bc5 14. Be5 Bb6 15. Rfe1 Ne8 16. Bc4 f6 17. Bg3 e5 18. Ne6 Nd6 19. Nxd8 Nxc4 {½-½ (84) Salgado Lopez,I (2606)-Navara,D (2710) Caleta 2013}) 12. Bg5 Bd6 $146 ({Predecessor:} 12... Ne4 13. Be3 Nf6 14. Bf3 Be7 15. O-O-O O-O 16. Rhe1 {1-0 (39) Ovetchkin,R (2532)-Duvnjak,Z (2393) playchess.com INT 2005}) 13. O-O-O Bc7 {White has an edge.} 14. Bf3 O-O 15. g3 h6 16. Bxf6 gxf6 17. Nc2 Rb8 18. Rd2 Rd8 19. Rhd1 Rxd2 20. Rxd2 Kf8 21. c4 Ke7 22. b3 Bd7 23. Bg2 Bd6 24. Ne3 b5 25. Kb2 Bc5 26. cxb5 axb5 27. Ng4 Rd8 28. Ne3 f5 29. Nc2 Rc8 30. b4 Bd6 31. f4 e5 32. fxe5 Bxe5+ 33. Kb1 Be6 34. Nd4 Rc4 35. Nc6+ Kf6 36. a3 Rc3 37. Nxe5 Kxe5 $11 {[%mdl 4096] Endgame KRB-KRB} 38. Bf1 Rxa3 39. Bxb5 Rb3+ 40. Rb2 Re3 41. Bc6 Kd6 42. b5 Kc7 43. Kc1 Kb6 44. Kd2 Ra3 45. Ke1 Re3+ 46. Kf2 Rd3 47. Kg2 Bc4 48. Rf2 Be6 49. Rf4 Rd2+ 50. Rf2 Rd3 51. Kf1 Re3 52. Rf4 Bc8 53. Rh4 Re6 54. Kf2 Rg6 55. Kf3 Kc5 56. h3 Be6 57. Ra4 Rg8 58. Kf4 Rd8 59. Ra3 Rg8 60. Ke5 Rg6 61. Rc3+ Kb6 62. Be8 Rg8 63. Bc6 Rg6 $1 64. Kf4 Rg8 65. Ra3 (65. Re3 $16) 65... Rd8 (65... Kc5 $1 $11 {keeps the balance.}) 66. Ke5 $16 Rg8 67. Kd6 {[%csl Gb5][%cal Ra3a6]} Rd8+ 68. Ke7 $1 {[%cal Re7d8]} Rg8 {[#]} (68... Rd2 $16 {keeps fighting.}) 69. Be8 $1 $18 Rg5 $2 (69... Bd5 {might work better.} 70. Bc6 Be6) 70. Bxf7 Bxf7 (70... Bc8 $142 71. Rb3 Bb7) 71. Kxf7 Kxb5 {KR-KR} (71... f4 $142) 72. Kf6 Kc5 73. h4 Rg8 74. Kxf5 Kd6 75. Re3 (75. Ra6+ $142 Ke7 76. Ra7+ (76. Rxh6 Rxg3 77. Ra6 Kf7 $11) 76... Kd6 77. g4) 75... h5 76. Re6+ Kd7 77. Rg6 Rh8 78. Rg7+ Kd6 79. Kg6 $2 (79. Rg5 Kd5 80. Kg6+ Ke4 81. Rxh5 Rg8+ 82. Kh7 Rxg3 83. Rb5) 79... Ke5 $2 {[#]} (79... Ke6 80. Kg5 Ke5 81. Re7+ Kd5) 80. Kg5 $2 ({Only move:} 80. Re7+ $1 $18 Kd5 81. Rh7 Rg8+ 82. Kf6 (82. Kxh5 Rxg3 83. Re7 Rg8 $18)) 80... Ke4 $11 {The position is equal.} 81. Kf6 Rf8+ 82. Kg6 Rh8 $1 83. Kf7 Kf3 84. Rg5 {aiming for Kg7.} Rh6 $1 {[%mdl 32768] Precision: White = 62%, Black = 50%. . Loss on Time!?} 1-0

[Event "27th CRO-chT 1B-Men 2018"]
[Site "Biograd"]
[Date "2018.09.21"]
[Round "5.1"]
[White "Pap, Misa"]
[Black "Sedlak, Nikola"]
[Result "1/2-1/2"]
[WhiteElo "2482"]
[BlackElo "2587"]
[Annotator "TA"]
[PlyCount "83"]
[EventDate "2018.09.15"]
[EventType "team-tourn"]
[EventCountry "CRO"]
[SourceTitle "playchess.com"]
[Source "ChessBase"]
[SourceQuality "1"]

{[%evp 23,83,31,31,2,11,0,0,-7,34,0,0,0,19,20,30,20,20,25,26,15,12,0,0,0,0,0,0,-11,-2,-16,-4,-41,-35,-36,-23,-24,-6,-23,-11,-17,0,0,0,0,0,0,0,0,0,0,0,-6,0,-15,0,0,0,-7,0,0,0,0]} 1. e4 c6 2. d4 d5 3. Nd2 dxe4 4. Nxe4 Nf6 5. Nxf6+ exf6 6. c3 Bd6 7. Bd3 O-O 8. Qc2 Re8+ {B15: Caro-Kann: 3 Nc3: 3...g6 and 3...dxe4 4 Nxe4 Nf6 5 Nxf6+ exf6} 9. Ne2 h5 10. O-O h4 11. h3 Nd7 12. Be3 Nf8 {LiveBook: 3 Games} 13. Qd2 Be6 $146 ({Predecessor:} 13... Ng6 14. Rfe1 Bc7 15. Nf4 Nf8 16. c4 {1-0 (33) Popov,I (2608)-Gaifullin,A (2448) Yaroslavl 2018}) 14. Rfe1 Qd7 15. Bf4 Be7 16. Be3 Rad8 17. Nf4 Bd6 18. Nxe6 Nxe6 19. Qd1 g6 $1 20. Qg4 Nf4 $1 21. Qxd7 Rxd7 22. Bf1 (22. Bc4 {feels hotter.} Rde7 23. Kf1 a6 24. a4 Kg7 25. Rad1) 22... Nd5 23. Bd2 Red8 24. Red1 Bf4 25. Be1 f5 26. Be2 (26. b4 {looks sharper.} Re7 27. Bc4 Kg7 28. a4 Nf6 29. Bd3) 26... Nf6 27. Bd2 (27. b4 {seems wilder.} Kg7 28. a4 g5 29. b5 Ne4 30. bxc6 bxc6 31. Rab1) 27... Bxd2 28. Rxd2 c5 {[%cal Rc5d4]} 29. Rad1 Kf8 30. Kf1 Ne4 31. Rd3 {The position is equal.} cxd4 32. Rxd4 Rxd4 33. Rxd4 Rxd4 34. cxd4 $11 {[%mdl 4096] Endgame KB-KN} f4 35. Ke1 Ke7 36. f3 Nd6 37. Bd3 $1 Ke6 38. Kd2 g5 39. Kc3 Kd5 40. b4 b6 41. a4 f6 42. Bh7 {Precision: White = 47%, Black = 44%.} 1/2-1/2

[Event "27th CRO-chT 1B-Men 2018"]
[Site "Biograd"]
[Date "2018.09.21"]
[Round "5.2"]
[White "Nemeth, Miklos"]
[Black "Nikcevic, Nebojsa"]
[Result "1/2-1/2"]
[WhiteElo "2477"]
[BlackElo "2428"]
[Annotator "TA"]
[PlyCount "35"]
[EventDate "2018.09.15"]
[EventType "team-tourn"]
[EventCountry "CRO"]
[SourceTitle "playchess.com"]
[Source "ChessBase"]
[SourceQuality "1"]

{[%evp 13,35,7,32,8,16,30,17,-17,-16,-22,-4,-14,4,-43,-35,-31,0,-3,20,0,0,6,7,7]} 1. e4 e5 2. Nf3 Nf6 3. Nxe5 d6 4. Nf3 Nxe4 5. Nc3 Nxc3 6. dxc3 Be7 7. Be3 Nc6 {LiveBook: 645 Games. C42: Petroff Defence: 3 Nxe5 and unusual White 3rd moves} 8. Qd3 (8. Bc4 O-O 9. Qd2 Bf5 10. O-O-O Qd7 11. Kb1 Rfe8 12. h4 Bf8 13. h5 h6 14. Be2 Bg4 15. Nh2 Bxe2 16. Qxe2 {½-½ (41) Carlsen,M (2842)-Caruana,F (2822) Saint Louis 2018}) 8... O-O 9. O-O-O Be6 $146 {White has an edge.} ({Predecessor:} 9... Bf6 10. Be2 Re8 11. h4 Ne5 12. Nxe5 Bxe5 13. f4 Bf6 14. Bf3 c6 {½-½ (66) Guerra,A (2229)-Isatto,D (1947) Casaleone 2009}) 10. Nd4 (10. h4 {is interesting.} h6 11. Kb1 a5 12. Re1 Qc8 13. Qd2) 10... Nxd4 ({But not} 10... Bxa2 $6 11. b3 $14) 11. cxd4 d5 ({Not} 11... Bxa2 12. b3 $16) 12. h3 Qd7 13. Be2 b6 14. Bf4 Rfd8 15. Bg4 {The position is equal.} Bd6 16. Qg3 Bxf4+ 17. Qxf4 Re8 18. Rde1 {Precision: White = 52%, Black = 49%.} 1/2-1/2

[Event "27th CRO-chT 1B-Men 2018"]
[Site "Biograd"]
[Date "2018.09.21"]
[Round "5.3"]
[White "Matkovic, Tonci"]
[Black "Krstic, Uros"]
[Result "0-1"]
[WhiteElo "2274"]
[BlackElo "2364"]
[Annotator "TA"]
[PlyCount "120"]
[EventDate "2018.09.15"]
[EventType "team-tourn"]
[EventCountry "CRO"]
[SourceTitle "playchess.com"]
[Source "ChessBase"]
[SourceQuality "1"]

{[%evp 19,120,1,9,0,20,1,4,1,10,-20,-9,-14,0,-27,-29,-41,-22,-18,-22,-20,-14,-23,-7,-19,-11,-39,-42,-45,-10,-31,-20,-36,-17,-26,-19,-64,-8,-35,0,-32,-44,-59,6,-62,0,-45,-53,-79,-33,-59,-32,-229,-216,-226,-227,-212,-225,-225,-205,-333,-229,-223,-218,-277,-123,-114,-115,-139,-114,-124,-116,-127,-103,-109,-103,-114,-105,-100,-58,-62,-58,-56,-56,-55,-58,-52,-38,-43,-34,-37,-37,-5255,-3781,-1964,-4813,-2473,-2535,-2470,-2441,-2261,-2097,-1981,-2086]} 1. e4 c6 2. d4 d5 3. Nc3 dxe4 4. Nxe4 Nf6 5. Nxf6+ exf6 6. Nf3 Bd6 7. Be2 O-O 8. O-O Re8 9. Re1 Nd7 {B15: Caro-Kann: 3 Nc3: 3...g6 and 3...dxe4 4 Nxe4 Nf6 5 Nxf6+ exf6} (9... Bf5 10. Be3 Nd7 11. h3 Nf8 12. Bd3 Qd7 13. Bxf5 Qxf5 14. c3 Re7 15. Bd2 Rae8 16. Rxe7 Rxe7 17. Qa4 {½-½ (31) Nguyen,V (2335)-Nguyen,N (2630) Hanoi 2018}) 10. Be3 Nf8 {LiveBook: 5 Games} 11. c4 Bg4 {The position is equal.} 12. Nd2 $146 ({Predecessor:} 12. h3 Be6 13. Qd2 Ng6 14. Rad1 Qd7 15. Bf1 Rad8 16. d5 cxd5 17. cxd5 Bf5 {½-½ (72) Klovans,J (2465)-Thielsch,N (2265) Senden 1999}) 12... Bxe2 13. Rxe2 Qc7 14. Nf1 Rad8 15. Qc2 Qc8 16. a3 f5 17. f3 Be7 18. Rd1 Bf6 19. Red2 b6 20. b4 Re7 21. Qb3 Rc7 22. Bf4 Rcd7 {Hoping for ...Ne6.} 23. Be3 g6 24. d5 cxd5 25. Rxd5 Rxd5 26. Rxd5 Rxd5 27. cxd5 Be5 (27... Qc3 $1 $15 28. Qxc3 Bxc3) 28. f4 Qc3 29. Nd2 Qa1+ 30. Kf2 Bc3 ({Better is} 30... Bb2 $1 $15) 31. a4 (31. Nf3 $11) 31... Nd7 (31... Bd4 $1 $15) 32. Nb1 Bd4 {White must now prevent ...Nf6.} 33. d6 Nf6 34. Kf3 Kf8 35. Qc2 $2 {[#]} ({White should try} 35. h3 $15) 35... Bxe3 $1 $19 36. Kxe3 Nd5+ 37. Kf3 Qd4 {[%csl Gd5][%cal Rd4e3]} 38. Qd2 Qe4+ 39. Kf2 (39. Kg3 {was the only chance.}) 39... Qxf4+ 40. Qxf4 Nxf4 {[%mdl 4096] Endgame KN-KN} 41. Ke3 Nd5+ (41... Nxg2+ $19 {has better winning chances.} 42. Kd4 Ke8) 42. Kd4 $17 Nxb4 43. Kc4 Nc6 44. Kd5 Nd8 45. Na3 a6 46. Nc2 Ke8 47. Nb4 {[#]} a5 $1 {[%cal Ra5b4]} 48. Nc6 f6 49. Ne7 f4 50. Nc8 {[#]} b5 $1 51. axb5 a4 52. d7+ Kf7 {aiming for ...a3.} 53. Nd6+ Ke7 54. Nc8+ Kf8 55. Kd6 $2 {[%mdl 8192]} (55. Kc4 $15) 55... a3 $19 {Black is clearly winning.} 56. Kc7 a2 57. Kxd8 a1=Q 58. Kc7 Qc3+ 59. Kd6 Qd4+ 60. Kc6 Kf7 {Precision: White = 46%, Black = 46%.} 0-1

[Event "27th CRO-chT 1B-Men 2018"]
[Site "Biograd"]
[Date "2018.09.21"]
[Round "5.4"]
[White "Vernacki, Srdjan"]
[Black "Vlaic, Branko"]
[Result "0-1"]
[WhiteElo "2357"]
[BlackElo "2246"]
[Annotator "TA"]
[PlyCount "80"]
[EventDate "2018.09.15"]
[EventType "team-tourn"]
[EventCountry "CRO"]
[SourceTitle "playchess.com"]
[Source "ChessBase"]
[SourceQuality "1"]

{[%evp 16,80,0,-5,16,-23,-27,-39,12,-38,-27,-59,0,0,0,0,-2,-35,-27,-39,-32,-68,-69,-81,-44,-37,-33,-92,-79,-91,-70,-77,-43,-91,-91,-166,-152,-152,-152,-152,-152,-148,-148,-143,-154,-155,-155,-155,-155,-140,-160,-237,-225,-271,-275,-266,-249,-336,-347,-471,-441,-574,-494,-743,-739,-714,-706]} 1. Nf3 d5 2. g3 {[%cal Bg2g3,Bg3g4][%mdl 32]} Nf6 3. Bg2 Bg4 4. d3 Nbd7 5. Nbd2 e5 6. h3 {A07: Réti Opening: New York and Capablanca Systems} Bh5 7. g4 Bg6 8. Nh4 c6 9. c4 {LiveBook: 19 Games} Nc5 $146 ({Predecessor:} 9... Bd6 10. cxd5 cxd5 11. b4 O-O 12. Rb1 Nb6 13. O-O {½-½ (30) Karjakin,S (2763)-Ponomariov,R (2723) Beijing 2011}) 10. Nxg6 hxg6 11. cxd5 cxd5 (11... Nxd5 $15 12. Nc4 f6) 12. Nb3 Ne6 $1 13. e3 Rc8 ({Black should play} 13... a5 $15) 14. Bd2 $11 g5 15. Rc1 Bd6 16. Qe2 Rxc1+ 17. Bxc1 Qd7 18. Bd2 Qa4 $36 {[%mdl 2048] Black is pushing.} 19. Nc1 O-O 20. Qd1 $1 {[%cal Rd1a4]} Qa6 21. h4 (21. O-O $15) 21... e4 22. hxg5 Nxg5 23. Bc3 Be7 24. Qe2 Qe6 25. Rh4 (25. Nb3 $17) 25... Nd7 26. Rh5 {[#]} Ne5 $1 {[%cal Re5f3] ...Nef3+ is the strong threat.} 27. dxe4 dxe4 28. Bxe4 g6 29. Rxg5 Bxg5 30. Nd3 Nxd3+ (30... Qxg4 31. Qxg4 Nxg4 32. Bf3 $15) (30... Nxg4 31. Nc5 $15) 31. Bxd3 Bf6 32. Bxf6 Qxf6 $17 {[%mdl 4096] Endgame KQR-KQB} 33. Be4 (33. Qc2 $17) 33... Rc8 $19 34. Qb5 b6 ({Don't take} 34... Rc1+ 35. Kd2 $19) 35. Ke2 Qe6 36. f3 Qxa2 37. Bd5 Qb1 {Black is clearly winning.} 38. Bxf7+ Kg7 {[#] ( -> ...Rc2+)} ({Not} 38... Kxf7 39. Qd7+ Kf6 40. Qd6+ Kf7 41. Qd7+ Kf6 42. Qxc8 $11) 39. Kf2 (39. Bxg6 $142 Kxg6 40. Qh5+ Kf6 41. Qh4+ Kg6 42. Qh5+ Kf6 43. Qh4+ Kf7 44. Qh5+ Kf6) 39... Qc2+ 40. Kg3 Qc7+ {Precision: White = 42%, Black = 65%.} ({Weaker is} 40... Kxf7 41. Qd7+ Kg8 42. Qe6+ Kh7 43. Qe7+ Kh8 44. Qf6+ Kh7 45. Qe7+ Kg8 46. Qe6+ Kh7 47. Qe7+ $11) 0-1

[Event "27th CRO-chT 1B-Men 2018"]
[Site "Biograd"]
[Date "2018.09.19"]
[Round "5.5"]
[White "Malenica, Mario"]
[Black "Trbojevic, Mladen"]
[Result "1/2-1/2"]
[WhiteElo "2212"]
[BlackElo "2353"]
[Annotator "TA"]
[PlyCount "152"]
[EventDate "2018.09.15"]
[EventType "team-tourn"]
[EventCountry "CRO"]
[SourceTitle "playchess.com"]
[Source "ChessBase"]
[SourceQuality "1"]

{[%evp 11,152,20,14,0,4,-7,6,3,14,6,14,15,6,-50,-50,-50,-50,-50,-49,-45,-43,-79,-65,-81,-33,-31,-14,-64,-64,-70,-71,-65,-54,-140,-120,-180,-77,-116,-103,-90,71,-208,79,75,87,-149,-149,-139,-143,-140,-140,-141,-128,-114,-104,-94,-82,-82,-83,-111,-113,-106,-105,-102,-47,-59,-64,-165,-164,-178,-172,-181,-159,-164,-152,-151,-150,-156,-140,-141,-110,-179,-177,-228,-229,-326,-306,-325,-302,-319,-310,-507,-467,-474,-198,-431,-408,-366,-248,-247,-245,-245,-245,-243,-245,-624,-247,-215,-199,-187,-122,-122,-122,-138,-89,-122,-84,-112,-45,-122,-122,-122,-27,-96,-37,-37,0,-37,-37,-37,-37,-37,-27,-37,-37,-37,-27,-27,0,-37,-37,-37,-37]} 1. c4 e5 2. Nc3 Nf6 3. g3 c6 4. Nf3 e4 5. Nd4 Qb6 6. e3 {A23: English Opening: 1...e5 2 Nc3 Nf6 3 g3 c6} (6. Nc2 d5 7. Bg2 dxc4 8. O-O Be6 9. Nxe4 Nxe4 10. Bxe4 Nd7 11. Bg2 h5 12. d4 cxd3 13. Qxd3 O-O-O {1-0 (51) Jobava,B (2713)-Mastrovasilis,D (2580) Minsk 2017 CBM 179 [Moradiabadi,E]}) 6... d5 {LiveBook: 11 Games} 7. Qc2 Bd7 8. a3 {The position is equal.} Be7 9. b4 O-O 10. Bb2 a5 $146 ({Predecessor:} 10... Na6 11. c5 Qc7 12. f3 exf3 13. Nxf3 Rae8 {1-0 (23) Najdorf,M-Rossetto,H Buenos Aires 1968}) 11. c5 Qd8 12. f3 (12. Na4 $11) 12... exf3 $15 13. Nxf3 Na6 14. Bxa6 Rxa6 15. O-O Bh3 16. Rf2 Ng4 17. Re2 Bf6 18. b5 Ra8 19. bxc6 bxc6 20. Na4 Rb8 $36 {[%mdl 2048] Black has strong initiative.} 21. Nb6 Re8 22. Rb1 {[#]} (22. Rae1 $1 $15) 22... d4 $1 {[%mdl 512]} 23. Qd3 (23. Ree1 $17) (23. Bxd4 Bxd4) 23... dxe3 (23... Ne5 $1 $19 {[%cal Re5d3]} 24. Nxe5 Rxe5) 24. Qxd8 $17 Rbxd8 ({But not} 24... Bxd8 25. Bd4 $15) 25. Bxf6 exd2 $2 (25... gxf6 $17 {stays on course.} 26. d4 Nh6) 26. Rxe8+ $16 Rxe8 27. Bd4 $1 {Threatens to win with Nc4.} ({Avoid the trap} 27. Bg5 $2 Re2 $19) 27... Re2 28. Rd1 $2 {[#]} (28. Na4 $1 $16 {Rb8+ would kill now.} h6 29. Nc3 Rg2+ 30. Kh1) 28... Nxh2 $1 $17 {[%mdl 512]} 29. Nxd2 ({Wrong is} 29. Nxh2 $2 Re1+ 30. Kf2 Rxd1 $19) 29... Rxd2 30. Rxd2 Nf3+ 31. Kf2 Nxd2 {[%mdl 4096] Endgame KBN-KBN} 32. Ke2 Ne4 33. Kf3 f5 34. Nc4 a4 35. Nb2 Bg4+ 36. Kg2 Nd2 37. Nxa4 Nc4 (37... Kf7 $17 38. Nc3 Nc4) 38. Nb6 $1 $15 {[%cal Rb6c4]} Nxa3 39. Nd7 (39. Nc8 $15) 39... Nb5 $19 40. Bb2 Bd1 41. Ne5 Bc2 42. Kf2 Be4 43. Ke3 Nc7 44. g4 Nd5+ 45. Kd4 Ne7 46. Bc1 (46. g5 $17) 46... h6 $1 {[%cal Bh7h6,Bh6h5,Bh5h4][%mdl 32]} 47. g5 (47. gxf5 {was necessary.} Bxf5 48. Nf3) 47... h5 48. Bf4 (48. Be3 $142) 48... h4 49. Bh2 Kh7 50. Ke3 Nd5+ 51. Kd4 $2 (51. Ke2) 51... Nc7 52. g6+ Kg8 (52... Kh6 $142 {...Ne6+ is the strong threat.} 53. Nf7+ Kxg6 54. Nh8+ Kh7 55. Bxc7 Kxh8) 53. Nd7 $2 (53. Ke3) 53... Ne6+ 54. Ke3 Bd5 55. Bd6 h3 {Strongly threatening ...f4+!} 56. Kf2 f4 {And now ...h2 would win.} 57. Kg1 Nd4 {White must now prevent ...Ne2+.} 58. Nb6 $2 (58. Ne5) 58... Be4 $2 (58... Be6 59. Kh2 Ne2) 59. Kh2 f3 {( -> ...f2)} 60. Bg3 Bf5 (60... Ne2 $19 61. Kxh3 Bxg6) 61. Nc4 $17 Ne6 62. Ne5 Be4 63. Bf2 Ng5 64. Be3 {[#]} Bd5 (64... Kf8 $1 $17 65. Ng4 Ne6 66. Kxh3 Ke7) 65. Ng4 ({White should play} 65. Nd3 $1 $15 Ne4 66. Kxh3) 65... Ne4 66. Nf2 {[#]} Nc3 ({Better is} 66... Nxf2 $1 $17 67. Bxf2 Be6) 67. Nxh3 (67. Kxh3 $11 Nb5 68. Kg3) 67... Nd1 ({Black should try} 67... Ne2 $17 68. Ng5 Kf8) 68. Bd4 $15 Be6 69. Nf2 (69. Ng5 $5 {[%cal Rg5e6]} Bd5 70. Nh3 $15) 69... Nxf2 70. Bxf2 {KB-KB} Bf5 71. Kg3 Be4 72. Bd4 Kf8 73. Kf4 Bd5 74. Kg3 Be4 75. Kf4 Bxg6 76. Kxf3 Kf7 {Precision: White = 43%, Black = 57%.} 1/2-1/2